Catálogo
 En Linea

La reforma penitenciaria en República Dominicana : (Registro nro. 49671)

Detalles MARC
000 -CABECERA
campo de control de longitud fija 01019nam a22002897a 4500
003 - IDENTIFICADOR DEL NÚMERO DE CONTROL
campo de control DO-SdBNP
005 - FECHA Y HORA DE LA ÚLTIMA TRANSACCIÓN
campo de control 20230417151752.0
007 - CAMPO FIJO DE DESCRIPCIÓN FÍSICA--INFORMACIÓN GENERAL
campo de control de longitud fija ta
008 - DATOS DE LONGITUD FIJA--INFORMACIÓN GENERAL
campo de control de longitud fija 100322s2019 dr 000 0 spa d
020 ## - NÚMERO INTERNACIONAL ESTÁNDAR DEL LIBRO
Número Internacional Estándar del Libro 9789945616149
040 ## - FUENTE DE LA CATALOGACIÓN
Centro catalogador/agencia de origen DO-SdBNP
Lengua de catalogación spa
Centro/agencia transcriptor BNPHU
082 #4 - NÚMERO DE LA CLASIFICACIÓN DECIMAL DEWEY
Número de edición 22
100 1# - ENTRADA PRINCIPAL--NOMBRE DE PERSONA
Nombre de persona Pierce, Jennifer
9 (RLIN) 37920
245 13 - MENCIÓN DE TÍTULO
Título La reforma penitenciaria en República Dominicana :
Resto del título una mirada desde los objetivos de desarrollo sostenible de Naciones Unidas /
Mención de responsabilidad, etc. Jennifer Peirce ; prólogo Natasha Despotovic ; prefacio Yamile Eusebio Paulino
260 ## - PUBLICACIÓN, DISTRIBUCIÓN, ETC.
Lugar de publicación, distribución, etc. Santo Domingo :
Nombre del editor, distribuidor, etc. FUNGLODE,
Fecha de publicación, distribución, etc. 2019.
300 ## - DESCRIPCIÓN FÍSICA
Extensión 99 p. ;
Dimensiones 21 cm.
490 1# - MENCIÓN DE SERIE
Mención de serie Estudios y reflexiones
490 1# - MENCIÓN DE SERIE
Mención de serie Derecho
500 ## - NOTA GENERAL
Nota general Incluye datos biográficos de la autora.
504 ## - NOTA DE BIBLIOGRAFÍA, ETC.
Nota de bibliografía, etc. Bibliografía : p. 95-99
590 ## - NOTA LOCAL (RLIN)
Nota local Inventariado, 2021/ YL
700 12 - PUNTO DE ACCESO ADICIONAL--NOMBRE DE PERSONA
Nombre de persona Despotovic, Natasha,
Término indicativo de función/relación prol.
9 (RLIN) 74370
700 12 - PUNTO DE ACCESO ADICIONAL--NOMBRE DE PERSONA
Nombre de persona Paulino, Yamile Eusebio,
Término indicativo de función/relación pref.
9 (RLIN) 78256
830 #0 - PUNTO DE ACCESO ADICIONAL DE SERIE-TÍTULO UNIFORME
Título uniforme Estudios y reflexiones
Nombre de parte o sección de la obra derecho
9 (RLIN) 78257
910 ## - DATOS DE OPCIÓN DEL USUARIO (OCLC)
Datos de opción del usuario YLOCKWARD
942 ## - ELEMENTOS DE PUNTO DE ACCESO ADICIONAL (KOHA)
Fuente del sistema de clasificación o colocación Dewey Decimal Classification
Tipo de ítem Koha Libro
Existencias
Estado de retiro Estado de pérdida Fuente del sistema de clasificación o colocación Restricciones de uso No para préstamo Código de colección Localización permanente Ubicación/localización actual Ubicación en estantería Fecha de adquisición Fuente de adquisición Código de barras Fecha visto por última vez Precio válido a partir de Tipo de ítem Koha Número de copia
    Dewey Decimal Classification Excluido de préstamo   Patrimonio Dominicano Biblioteca Nacional Pedro Henríquez Ureña Biblioteca Nacional Pedro Henríquez Ureña En catalogación 19.11.2019 Depósito Legal 2021-1194 24.03.2021 24.03.2021 Libro  
    Dewey Decimal Classification Excluido de préstamo   Patrimonio Dominicano Biblioteca Nacional Pedro Henríquez Ureña Biblioteca Nacional Pedro Henríquez Ureña En catalogación 19.11.2019 Depósito Legal 2021-1195 24.03.2021 24.03.2021 Libro e. 2
    Dewey Decimal Classification Préstamo en sala   Dominicana de Servicio Biblioteca Nacional Pedro Henríquez Ureña Biblioteca Nacional Pedro Henríquez Ureña En catalogación 19.11.2019 Depósito Legal 2021-1196 24.03.2021 24.03.2021 Libro e. 3

Con tecnología Koha